000 00536nam a2200169 a 4500
001 000028065
005 20200930031324.0
008 110406s19uu dr 000 0 spa d
040 _aDO-SdBNP
_bspa
_cBNPHU
245 0 0 _aGeografía general y de América.
260 _aSanto Domingo :
_bAcción Pro-Educación y Cultura,
_c199-?
300 _a20 p. ;
_c28 cm.
500 _aCurso primero de la educación media
500 _aCursos por correspondencia
710 2 _aInstituto Dominicano de Educación Integral
_936880
049 _aBNPD
999 _c27557
_d27557